Developing Senior Navy Leaders (Record no. 351949)
[ view plain ]
| 000 -LEADER | |
|---|---|
| fixed length control field | 00707nam a2200133Ia 4500 |
| 008 - FIXED-LENGTH DATA ELEMENTS--GENERAL INFORMATION | |
| fixed length control field | 171212s9999 xx 000 0 und d |
| 020 ## - INTERNATIONAL STANDARD BOOK NUMBER | |
| International Standard Book Number | 9780833042941 |
| 100 ## - MAIN ENTRY--PERSONAL NAME | |
| Personal name | Hanser, Lawrence M.;Miller, Louis W.;Shukiar, Herbert J.;Newsome, Bruce |
| 245 ## - TITLE STATEMENT | |
| Statement of responsibility, etc | Hanser, Lawrence M.;Miller, Louis W.;Shukiar, Herbert J.;Newsome, Bruce |
| Title | Developing Senior Navy Leaders |
| Remainder of title | Requirements for Flag Officer Expertise Today and in the Future |
| 260 ## - PUBLICATION, DISTRIBUTION, ETC. (IMPRINT) | |
| Name of publisher, distributor, etc | RAND Corporation |
| Date of publication, distribution, etc | 2008 |
| 650 ## - SUBJECT ADDED ENTRY--TOPICAL TERM | |
| Topical term or geographic name as entry element | Management & Organizational Behavior |
| 650 ## - SUBJECT ADDED ENTRY--TOPICAL TERM | |
| Topical term or geographic name as entry element | United States. Navy -- Officers -- Training of; United States. Navy -- Personnel management; Admirals -- United States; Leadership |
| 856 ## - ELECTRONIC LOCATION AND ACCESS | |
| Uniform Resource Identifier | <a href="www.jstor.org/stable/10.7249/mg618navy">www.jstor.org/stable/10.7249/mg618navy</a> |
| Withdrawn status | Lost status | Damaged status | Home library | Current library | Date acquired | Total Checkouts | Full call number | Date last seen | Price effective from | Koha item type |
|---|---|---|---|---|---|---|---|---|---|---|
| College Library | College Library | 12/12/2017 | VB203.D48 2008 | 12/12/2017 | 12/12/2017 | Curriculum - Based eBooks |